Expertní systémy
Saved in:
| Main Author: | |
|---|---|
| Other Authors: | |
| Format: | Book |
| Language: | Czech |
| Published: |
Praha
Ústav pro informační systémy v kultuře
1987
|
| Edition: | 1. vyd. |
| Series: | Nové tendence ve vědeckotechnickém pokroku a jejich důsledky v kultuře
sv. 2 |
| Tags: |
No Tags, Be the first to tag this record!
|
MARC
| LEADER | 00000nam a2200000 4500 | ||
|---|---|---|---|
| 001 | c024228 | ||
| 005 | 20251111083533.7 | ||
| 041 | 0 | |a cze | |
| 044 | |a CZ | ||
| 245 | 1 | 0 | |a Expertní systémy |c Vladimír Mařík, Zděnek Zdráhal |
| 250 | |a 1. vyd. | ||
| 264 | 1 | |a Praha |b Ústav pro informační systémy v kultuře |c 1987 | |
| 300 | |a 177 s. | ||
| 490 | 1 | |a Nové tendence ve vědeckotechnickém pokroku a jejich důsledky v kultuře |v sv. 2 | |
| 830 | 0 | |a Nové tendence ve vědeckotechnickém pokroku a jejich důsledky v kultuře |v sv. 2 | |
| 100 | 1 | |a Mařík, Vladimír | |
| 700 | 1 | |a Zdráhal, Zděnek | |